Developing information seeking behaviour among the university students in an era of information explosion: need of the hour (Record no. 85707)

000 -LEADER
fixed length control field 00601pab a2200217 454500
008 - FIXED-LENGTH DATA ELEMENTS--GENERAL INFORMATION
fixed length control field 180718b2010 xxu||||| |||| 00| 0 eng d
100 ## - MAIN ENTRY--PERSONAL NAME
Personal name Halder, Santoshi
245 ## - TITLE STATEMENT
Title Developing information seeking behaviour among the university students in an era of information explosion: need of the hour
260 ## - PUBLICATION, DISTRIBUTION, ETC.
Date of publication, distribution, etc. 2010
300 ## - PHYSICAL DESCRIPTION
Extent p.7-12.
362 ## - DATES OF PUBLICATION AND/OR SEQUENTIAL DESIGNATION
Dates of publication and/or sequential designation 22 Feb
650 ## - SUBJECT ADDED ENTRY--TOPICAL TERM
Topical term or geographic name entry element Information
650 ## - SUBJECT ADDED ENTRY--TOPICAL TERM
Topical term or geographic name entry element Universities
650 ## - SUBJECT ADDED ENTRY--TOPICAL TERM
Topical term or geographic name entry element Students
650 ## - SUBJECT ADDED ENTRY--TOPICAL TERM
Topical term or geographic name entry element Access to information
700 ## - ADDED ENTRY--PERSONAL NAME
Personal name Roy, Anjal
700 ## - ADDED ENTRY--PERSONAL NAME
Personal name Chakraborty, P.K.
773 ## - HOST ITEM ENTRY
Main entry heading University News
908 ## - PUT COMMAND PARAMETER (RLIN)
Put command parameter N
909 ## -
-- 85707
Holdings
Withdrawn status Lost status Damaged status Not for loan Permanent Location Current Location Date acquired Serial Enumeration / chronology Barcode Date last seen Price effective from Koha item type
        Indian Institute of Public Administration Indian Institute of Public Administration 2018-07-19 Volume no: 48, Issue no: 8 AR86167 2018-07-19 2018-07-19 Articles

Powered by Koha